Sobre la historia
Uloženo v:
| Hlavní autor: | |
|---|---|
| Médium: | Kniha |
| Jazyk: | španělština |
| Vydáno: |
Barcelona
Crítica
1998
|
| Edice: | Libros de Historia
|
| Témata: | |
| Tagy: |
Přidat tag
Žádné tagy, Buďte první, kdo vytvoří štítek k tomuto záznamu!
|
MARC
| LEADER | 00000nam a2200000 a 4500 | ||
|---|---|---|---|
| 001 | UCN2578 | ||
| 003 | CL-VaPUC | ||
| 008 | 010530e19980000SP |||||||||||||||||spa|d | ||
| 082 | 0 | 4 | |a 901 |b HOB |2 21 |
| 100 | |a Hobsbawm, Eric J |e author |9 484887 | ||
| 245 | 1 | 0 | |a Sobre la historia |
| 300 | |a 298 p | ||
| 600 | 0 | |a Marx, Karl Heinrich, |d 1818-1883 |9 861123 | |
| 942 | |c BK | ||
| 945 | |d 20010530 00:00:00 |a cmena | ||
| 260 | |a Barcelona |b Crítica |c 1998 | ||
| 650 | 0 | |a Filosofía de la historia |9 265651 | |
| 650 | 0 | |a Historiografía |9 257871 | |
| 650 | 0 | |a Revolución rusa |9 343225 | |
| 583 | |a last modification |c 20010530 00:00:00 |k Rodrigo Vera | ||
| 490 | 0 | |a Libros de Historia | |
| 999 | |c 295635 |d 295633 | ||
| 952 | |0 0 |1 0 |4 0 |6 901_000000000000000_HOB_1998 |7 0 |8 A |9 348916 |a BIBHIS |b BIBHIS |d 2019-11-20 |i 366452K |o 901 HOB 1998 |p 366452K |r 2025-01-20 |w 2019-11-20 |y BK |k HIS | ||
| 952 | |0 0 |1 0 |4 0 |6 901_000000000000000_HOB_1998 |7 0 |8 A |9 348917 |a BIBHIS |b BIBHIS |d 2019-11-20 |i 3753131 |l 1 |m 1 |o 901 HOB 1998 |p 3753131 |r 2025-01-20 |s 2021-11-29 |w 2019-11-20 |y BK |k HIS | ||